书目信息 |
| 题名: |
明史故事选
|
|
| 作者: | 郭英德 编著 | |
| 分册: | ||
| 出版信息: | 北京 学苑出版社 1991.9 |
|
| 页数: | 239页 | |
| 开本: | 19cm | |
| 丛书名: | 二十五史故事丛编 | |
| 单 册: | ||
| 中图分类: | K209 , I242 | |
| 科图分类: | ||
| 主题词: | 历史故事--中国--现代--选集 , 历史故事 , 小说--中国 | |
| 电子资源: | ||
| ISBN: | 7-5077-0316-9 | |
| 000 | 00799oam2 2200289 450 | |
| 001 | 1568731591 | |
| 005 | 20150125190602.15 | |
| 010 | @a7-5077-0316-9@dCNY3.20 | |
| 100 | @a19920513d1991 em y0chiy0110 ea | |
| 101 | 0 | @achi |
| 102 | @aCN@b110000 | |
| 105 | @ay z 000yy | |
| 200 | 1 | @a明史故事选@9ming shi gu shi xuan@f郭英德编著 |
| 210 | @a北京@c学苑出版社@d1991.9 | |
| 215 | @a239页@d19cm | |
| 225 | 2 | @a二十五史故事丛编@f张巨才,柳弓田主编 |
| 461 | 0 | @12001 @a二十五史故事丛编 |
| 605 | @a明史@x通俗读物 | |
| 605 | @2CT@3S905868@a明史 | |
| 606 | 0 | @a历史故事@y中国@z现代@x选集 |
| 606 | 0 | @a历史故事 |
| 606 | 0 | @a小说@x中国 |
| 690 | @aK209@v三版 | |
| 690 | @aI242@v4 | |
| 701 | 0 | @a郭英德@9guo ying de@f(1954~)@4编著 |
| 801 | 0 | @aCN@bTSSF@c20150125 |
| 905 | @aZUCC@dI242@eJY7 | |
| 明史故事选/郭英德编著.-北京:学苑出版社,1991.9 |
| 239页;19cm.-(二十五史故事丛编/张巨才,柳弓田主编) |
| ISBN 7-5077-0316-9:CNY3.20 |
| ● |
| 相关链接 |
|
|
|
|
正题名:明史故事选
索取号:I242/JY7
 
预约/预借
| 序号 | 登录号 | 条形码 | 馆藏地/架位号 | 状态 | 备注 |
| 1 | 7856777 | 278567775 | 学院路分馆/ [索取号:I242/JY7] | 在馆 | |
| 2 | 7856778 | 278567784 | 学院路分馆/ [索取号:I242/JY7] | 在馆 |